[Event "28. SPRING FESTIVAL -  BUDAPEST"]
[Site "Budapest"]
[Date "2012.03.31"]
[Round "6.6"]
[White "Kormos, Adam"]
[Black "Rodriguez Lopez, Rafael"]
[Result "1-0"]
[WhiteElo "2194"]
[BlackElo "2266"]
[PlyCount "63"]
[EventDate "2012.03.26"]

1. e4 c5 2. Nf3 d6 3. Bb5+ Nd7 4. c3 Ngf6 5. Qe2 a6 6. Ba4 Qc7 7. O-O c4 8. Bc2
e5 9. a4 Rb8 10. a5 b5 11. axb6 Nxb6 12. b3 cxb3 13. Bxb3 Be7 14. d4 O-O 15. h3
Bd7 16. c4 exd4 17. Nxd4 Bc8 18. Bf4 Nbd7 19. Nc3 Nc5 20. Bc2 Re8 21. Rad1 Ne6
22. Bh2 Bf8 23. Nf5 Rb6 24. e5 Nc5 25. Nxd6 Bxd6 26. exd6 Qc6 27. Qd2 Be6 28.
Rfe1 Bxc4 29. Rxe8+ Qxe8 30. Qd4 Bb3 31. Bxb3 Rxb3 32. Qxc5 1-0

[Event "28. SPRING FESTIVAL -  BUDAPEST"]
[Site "Budapest"]
[Date "2012.03.31"]
[Round "6.7"]
[White "Juhasz, Armin"]
[Black "Brustkern, Juergen"]
[Result "1/2-1/2"]
[WhiteElo "2184"]
[BlackElo "2229"]
[PlyCount "33"]
[EventDate "2012.03.26"]

1. d4 Nf6 2. c4 c5 3. d5 b5 4. cxb5 e6 5. Nc3 exd5 6. Nxd5 Bb7 7. e4 Nxd5 8.
exd5 Qe7+ 9. Be2 Qe5 10. Be3 Qxd5 11. Bf3 Qxd1+ 12. Rxd1 Bxf3 13. Nxf3 a6 14.
b6 Nc6 15. O-O Be7 16. Rfe1 O-O-O 17. Bg5 1/2-1/2

[Event "28. SPRING FESTIVAL -  BUDAPEST"]
[Site "Budapest"]
[Date "2012.03.31"]
[Round "6.8"]
[White "Wang, Xinyue"]
[Black "Kahn, Evarth Dr"]
[Result "1-0"]
[WhiteElo "1954"]
[BlackElo "2265"]
[PlyCount "57"]
[EventDate "2012.03.26"]

1. d4 Nf6 2. c4 e5 3. dxe5 Ng4 4. Bf4 Nc6 5. Nf3 Bb4+ 6. Nbd2 Qe7 7. e3 Ncxe5
8. Nxe5 Nxe5 9. Be2 O-O 10. a3 Bxd2+ 11. Qxd2 d6 12. O-O b6 13. b4 Bb7 14. Qc3
Rfe8 15. c5 Ng6 16. Bg3 dxc5 17. bxc5 Nh4 18. c6 Bc8 19. Rfd1 Nf5 20. Qe5 Qxe5
21. Bxe5 Ba6 22. Bxa6 Rxe5 23. Rd7 Re7 24. g4 Rxd7 25. cxd7 Ne7 26. Bc8 Rxc8
27. dxc8=Q+ Nxc8 28. Rc1 c5 29. Rd1 1-0

[Event "28. SPRING FESTIVAL -  BUDAPEST"]
[Site "Budapest"]
[Date "2012.03.31"]
[Round "6.9"]
[White "Boguszlavszkij, Jevgenyij"]
[Black "Koczo, Kristof"]
[Result "1/2-1/2"]
[WhiteElo "2238"]
[BlackElo "2138"]
[PlyCount "30"]
[EventDate "2012.03.26"]

1. d4 d5 2. Nc3 c6 3. f3 b6 4. e4 Ba6 5. Bxa6 Nxa6 6. Nge2 e6 7. O-O Bb4 8. Qe1
Ne7 9. Qg3 O-O 10. Be3 Ng6 11. e5 Bxc3 12. bxc3 Qh4 13. f4 Qxg3 14. hxg3 f5 15.
exf6 Rxf6 1/2-1/2

[Event "28. SPRING FESTIVAL -  BUDAPEST"]
[Site "Budapest"]
[Date "2012.03.31"]
[Round "6.10"]
[White "Varga, Melinda"]
[Black "Mester, Attila"]
[Result "1/2-1/2"]
[WhiteElo "2172"]
[BlackElo "2104"]
[PlyCount "80"]
[EventDate "2012.03.26"]

1. Nf3 f5 2. g3 Nf6 3. Bg2 g6 4. d4 Bg7 5. O-O O-O 6. b3 d6 7. Bb2 Qe8 8. c4 c6
9. Nbd2 Na6 10. Qc2 Nc7 11. Rfe1 h6 12. e4 f4 13. d5 e5 14. dxe6 Nxe6 15. e5
Ng4 16. exd6 fxg3 17. hxg3 Qf7 18. Bxg7 Qxg7 19. Rad1 Bd7 20. Re4 h5 21. Rde1
Rae8 22. c5 Rf5 23. b4 Qf7 24. R4e2 b6 25. cxb6 axb6 26. Qb1 b5 27. Nh4 Rxf2
28. Qxg6+ Qxg6 29. Nxg6 Rxe2 30. Rxe2 Nd4 31. Ne7+ Kf7 32. Re4 Ne6 33. Re1 Nd4
34. Ne4 Ke6 35. Rd1 Ne2+ 36. Kf1 Nxg3+ 37. Ke1 Nxe4 38. Bxe4 Ke5 39. Bg6 Rh8
40. Rd2 Nf6 1/2-1/2

[Event "28. SPRING FESTIVAL -  BUDAPEST"]
[Site "Budapest"]
[Date "2012.03.31"]
[Round "6.11"]
[White "Borda, Lajos"]
[Black "Letay, Gyula"]
[Result "0-1"]
[WhiteElo "2100"]
[BlackElo "1989"]
[PlyCount "60"]
[EventDate "2012.03.26"]

1. e4 c5 2. Nf3 d6 3. c3 Nf6 4. h3 g6 5. d3 Bg7 6. Be3 O-O 7. Nbd2 b6 8. d4 Bb7
9. Bd3 Nbd7 10. Qe2 Qc7 11. O-O a6 12. a4 Rfe8 13. Nh2 c4 14. Bxc4 Nxe4 15.
Nxe4 d5 16. Nd2 dxc4 17. Qxc4 Qd6 18. f4 Rac8 19. Qe2 Nf6 20. Ng4 Nd5 21. Rf2
f6 22. Nf1 e5 23. dxe5 fxe5 24. Qd2 Qc6 25. f5 Rcd8 26. Bg5 Nf4 27. Bxd8 Nxh3+
28. Kh1 Nxf2+ 29. Qxf2 Rxd8 30. fxg6 Qxg6 {after 37 move} 0-1

[Event "28. SPRING FESTIVAL -  BUDAPEST"]
[Site "Budapest"]
[Date "2012.03.31"]
[Round "6.12"]
[White "Halak, Miklos"]
[Black "Metaxasz, Vaszilisz"]
[Result "1-0"]
[WhiteElo "2026"]
[BlackElo "2166"]
[PlyCount "63"]
[EventDate "2012.03.26"]

1. e4 c5 2. c3 d5 3. exd5 Qxd5 4. Nf3 Nf6 5. d4 e6 6. Bd3 cxd4 7. cxd4 Nc6 8.
Nc3 Qd6 9. O-O Be7 10. Be3 O-O 11. Rc1 Nb4 12. Bb1 b6 13. Ne5 Bb7 14. Bf4 Nbd5
15. Bg3 Nxc3 16. bxc3 Qd5 17. f3 b5 18. Bh4 Rab8 19. Qd3 g6 20. Qe3 Ng4 21.
Nxg4 Bxh4 22. Qf4 Qg5 23. Qe5 Bd5 24. g3 Bxf3 25. Rxf3 Qxg4 26. Rf4 Qg5 27. Qe3
Rfc8 28. Kf2 b4 29. Rxh4 Qxe3+ 30. Kxe3 bxc3 31. Bc2 Rb2 32. a4 1-0

[Event "28. SPRING FESTIVAL -  BUDAPEST"]
[Site "Budapest"]
[Date "2012.03.31"]
[Round "6.13"]
[White "Marosi, Levente"]
[Black "Csapo, Zoltan"]
[Result "0-1"]
[WhiteElo "1959"]
[BlackElo "2113"]
[PlyCount "27"]
[EventDate "2012.03.26"]

1. e4 e5 2. Nf3 Nc6 3. Bb5 Nge7 4. c3 f5 5. exf5 Nxf5 6. Qe2 Be7 7. Bxc6 dxc6
8. Nxe5 Qd6 9. d4 O-O 10. O-O c5 11. Qc4+ Be6 12. Qxc5 Qa6 13. Qxc7 Bd6 14.
Qxd6 0-1

[Event "28. SPRING FESTIVAL -  BUDAPEST"]
[Site "Budapest"]
[Date "2012.03.31"]
[Round "6.14"]
[White "Grimm, Gyorgy"]
[Black "Farkas, Richard"]
[Result "1/2-1/2"]
[WhiteElo "1962"]
[BlackElo "2111"]
[PlyCount "80"]
[EventDate "2012.03.26"]

1. e4 c5 2. Nf3 Nc6 3. d4 cxd4 4. Nxd4 g6 5. c4 Bg7 6. Be3 Nf6 7. Nc3 d6 8. Be2
O-O 9. O-O Bd7 10. Rc1 Rc8 11. Nxc6 Bxc6 12. f3 a6 13. Qd2 Nd7 14. Rfd1 Re8 15.
b4 b6 16. b5 axb5 17. cxb5 Bb7 18. Nd5 Bxd5 19. Qxd5 Nc5 20. Bxc5 dxc5 21. Qxd8
Rexd8 22. Bc4 Bd4+ 23. Kf1 Ra8 24. Bb3 Ra3 25. Ke2 Rda8 26. Kd3 R8a4 27. Ke2
Rb4 28. Rb1 e6 29. f4 Kg7 30. Rd3 Rxb5 31. f5 gxf5 32. exf5 exf5 33. Rf1 c4 34.
Bxc4 Rb2+ 35. Kf3 Rxd3+ 36. Bxd3 Rxa2 37. Bxf5 b5 38. Rb1 Bb2 39. Bc2 Bc3 40.
Bb3 Ra3 1/2-1/2

[Event "28. SPRING FESTIVAL -  BUDAPEST"]
[Site "Budapest"]
[Date "2012.03.31"]
[Round "6.15"]
[White "Kearns, Christopher"]
[Black "Egri, Laszlo Jr"]
[Result "1-0"]
[WhiteElo "2079"]
[BlackElo "2075"]
[PlyCount "113"]
[EventDate "2012.03.26"]

1. e4 c5 2. Nf3 d6 3. d4 cxd4 4. Nxd4 Nf6 5. Nc3 e6 6. g4 h6 7. h4 Nc6 8. Rg1
d5 9. exd5 Nxd5 10. Nxd5 Qxd5 11. Be3 Bd7 12. Nxc6 Bxc6 13. Qxd5 Bxd5 14. Bb5+
Bc6 15. Bxc6+ bxc6 16. O-O-O h5 17. g5 a6 18. Rd3 Rd8 19. Rgd1 Rd5 20. c4 Rxd3
21. Rxd3 f6 22. Rb3 fxg5 23. Rb8+ Kd7 24. Bxg5 g6 25. Kc2 c5 26. Kd3 Kc7 27.
Ra8 Kb7 28. Re8 Kc7 29. Bf6 Kd7 30. Rd8+ Kc7 31. Ra8 Rg8 32. Be7 Bxe7 33. Rxg8
Bxh4 34. Rxg6 Bxf2 35. Rxe6 Kb7 36. Rh6 h4 37. Ke4 a5 38. Kd5 a4 39. b3 axb3
40. axb3 Kc7 41. Rf6 Bg1 42. Rf1 Be3 43. Rf3 Bg1 44. b4 cxb4 45. c5 Bh2 46. Kc4
Bg3 47. Kxb4 Kc6 48. Kc4 Be5 49. Re3 Bg3 50. Re6+ Kd7 51. Rh6 Kc7 52. Kd5 Kb7
53. Rh7+ Kc8 54. Kc6 Kb8 55. Kd7 Kb7 56. c6+ Kb6 57. Rxh4 1-0

[Event "28. SPRING FESTIVAL -  BUDAPEST"]
[Site "Budapest"]
[Date "2012.03.31"]
[Round "6.16"]
[White "Nadassy, Attila"]
[Black "Peczely, Sebastian Zsombor"]
[Result "1-0"]
[WhiteElo "2062"]
[BlackElo "2063"]
[PlyCount "89"]
[EventDate "2012.03.26"]

1. Nf3 d5 2. b3 c6 3. Bb2 Bg4 4. Ne5 Bh5 5. g4 Bg6 6. Bg2 e6 7. h4 f6 8. Nxg6
hxg6 9. d4 Bd6 10. Qd3 Ne7 11. Nd2 a5 12. a3 Nd7 13. c4 b6 14. e4 Qc7 15. Rc1
dxe4 16. Bxe4 f5 17. Bf3 O-O-O 18. Qe2 Rhe8 19. Kf1 Bf4 20. b4 fxg4 21. Bxg4
Nf5 22. bxa5 bxa5 23. c5 Nf6 24. Bxf5 exf5 25. Qa6+ Kd7 26. Rd1 Bxd2 27. Rxd2
Ne4 28. Re2 Re7 29. Bc1 Rde8 30. Kg2 f4 31. Rh3 g5 32. Rb3 g4 33. f3 Ng3 34.
Rxe7+ Rxe7 35. Bxf4 Qxf4 36. Rb7+ Ke8 37. Qxc6+ Kf7 38. Rxe7+ Kxe7 39. Qd6+
Qxd6 40. cxd6+ Kxd6 41. Kxg3 Kd5 42. Kxg4 a4 43. h5 Kxd4 44. Kg5 Kc4 45. Kg6
1-0

[Event "28. SPRING FESTIVAL -  BUDAPEST"]
[Site "Budapest"]
[Date "2012.03.31"]
[Round "6.19"]
[White "Bakacs, Janos"]
[Black "Heyl, Thomas"]
[Result "0-1"]
[WhiteElo "1665"]
[BlackElo "2032"]
[PlyCount "72"]
[EventDate "2012.03.26"]

1. d4 d5 2. Bf4 Bf5 3. e3 e6 4. c3 c6 5. Bd3 Bg6 6. Nf3 Nf6 7. Bg5 Be7 8. O-O
Nbd7 9. Qe2 O-O 10. Bxg6 hxg6 11. Nbd2 Re8 12. Bxf6 Bxf6 13. g3 a5 14. h4 Qc7
15. Kg2 e5 16. dxe5 Nxe5 17. Nxe5 Qxe5 18. Nf3 Qe4 19. Rfd1 a4 20. a3 Ra6 21.
Qd3 Rb6 22. Rab1 Qg4 23. Rd2 Re4 24. Rbd1 Rc4 25. Re2 Re4 26. Red2 Re6 27. Re2
g5 28. hxg5 Bxg5 29. Nxg5 Qxg5 30. Ree1 Rh6 31. Rh1 Rxh1 32. Kxh1 c5 33. Kg2
Rh6 34. Qe2 Qf5 35. Re1 Qh3+ 36. Kf3 Rf6# 0-1

[Event "28. SPRING FESTIVAL -  BUDAPEST"]
[Site "Budapest"]
[Date "2012.03.31"]
[Round "6.23"]
[White "Peczely, Gyorgy Dr"]
[Black "Pogats, Jozsef Jr"]
[Result "1-0"]
[WhiteElo "1878"]
[BlackElo "1843"]
[PlyCount "105"]
[EventDate "2012.03.26"]

1. e4 c5 2. Nf3 Nc6 3. d4 cxd4 4. Nxd4 Nf6 5. Nc3 d6 6. f3 e6 7. Be3 a6 8. Qd2
Be7 9. O-O-O Qc7 10. g4 Nd7 11. h4 Na5 12. Bg5 Nf6 13. h5 h6 14. Bh4 b5 15. b3
Bd7 16. Kb1 Nc6 17. Nce2 Rb8 18. Bg3 Nxd4 19. Nxd4 a5 20. Ne2 e5 21. Bf2 a4 22.
b4 Be6 23. Nc3 Bc4 24. Bxc4 Qxc4 25. a3 Rc8 26. Be1 O-O 27. Rg1 Nd7 28. Qd5
Qxd5 29. Nxd5 Bg5 30. Bd2 Rfe8 31. Bxg5 hxg5 32. Rd3 Rc6 33. Nc3 Rb6 34. Rgd1
Nb8 35. Rxd6 Rb7 36. R6d5 Nc6 37. Nxb5 Rbb8 38. c4 f6 39. Kb2 Ne7 40. Rd7 Nc8
41. Nd6 Nb6 42. Rc7 Red8 43. Kc3 Nd7 44. Nf5 Nf8 45. Rxg7+ Kh8 46. Rd2 Rxd2 47.
Kxd2 Rd8+ 48. Kc2 Ne6 49. Ra7 Nf4 50. b5 Ng2 51. Ra6 Ne1+ 52. Kc1 Nd3+ 53. Kb1
1-0

[Event "28. SPRING FESTIVAL -  BUDAPEST"]
[Site "Budapest"]
[Date "2012.03.31"]
[Round "6.24"]
[White "Aryan, Chopra"]
[Black "Simon, Lili"]
[Result "1/2-1/2"]
[WhiteElo "1869"]
[BlackElo "1780"]
[PlyCount "42"]
[EventDate "2012.03.26"]

1. e4 e5 2. Nf3 Nc6 3. Bb5 a6 4. Ba4 d6 5. c3 Bd7 6. O-O Nf6 7. Re1 g6 8. d4
Bg7 9. Bxc6 Bxc6 10. dxe5 Nxe4 11. exd6 O-O 12. dxc7 Qxc7 13. Be3 Rad8 14. Qb3
b5 15. Nbd2 Qb7 16. Nf1 Nd6 17. N1d2 Nf5 18. Bc5 Rfe8 19. Rxe8+ Rxe8 20. Re1
Rd8 21. c4 h6 1/2-1/2

[Event "28. SPRING FESTIVAL -  BUDAPEST"]
[Site "Budapest"]
[Date "2012.03.31"]
[Round "6.26"]
[White "Shan, He Jia Rita"]
[Black "Szonyi, Bence"]
[Result "0-1"]
[WhiteElo "1576"]
[BlackElo "1611"]
[PlyCount "104"]
[EventDate "2012.03.26"]

1. d4 Nf6 2. Bf4 d5 3. e3 e6 4. Nf3 Bd6 5. Bxd6 Qxd6 6. c3 O-O 7. Bd3 c5 8. O-O
c4 9. Bc2 Nc6 10. Nbd2 e5 11. dxe5 Nxe5 12. Nxe5 Qxe5 13. Nf3 Qh5 14. h3 Re8
15. Qd4 Bxh3 16. Qh4 Qxh4 17. Nxh4 Bg4 18. Nf5 Bxf5 19. Bxf5 g6 20. Bc2 Re5 21.
Rfd1 Rae8 22. Rd4 h5 23. Rad1 g5 24. b3 b5 25. bxc4 bxc4 26. Rb1 g4 27. Rb7 g3
28. e4 gxf2+ 29. Kxf2 Nxe4+ 30. Bxe4 Rxe4 31. Rxd5 Re2+ 32. Kg1 Rxa2 33. Rxh5
Re1+ 34. Kh2 Re6 35. Rc5 Rg6 36. Rxc4 Raxg2+ 37. Kh3 R2g3+ 38. Kh2 R3g5 39. Kh3
Rg1 40. Kh2 R1g2+ 41. Kh3 Rg1 42. Kh2 R1g5 43. Kh3 Rh6+ 44. Rh4 Rgh5 45. Rxh5
Rxh5+ 46. Kg4 Rc5 47. Rxa7 Rxc3 48. Ra2 Rc5 49. Rf2 Kg7 50. Rf5 Rc4+ 51. Rf4
Rxf4+ 52. Kxf4 Kf6 0-1

[Event "28. SPRING FESTIVAL -  BUDAPEST"]
[Site "Budapest"]
[Date "2012.04.01"]
[Round "7.2"]
[White "Radnai, Adam"]
[Black "Varga, Klara"]
[Result "0-1"]
[WhiteElo "2269"]
[BlackElo "2181"]
[PlyCount "76"]
[EventDate "2012.03.26"]

1. Nf3 Nf6 2. g3 d5 3. Bg2 c6 4. b3 Bg4 5. Bb2 Nbd7 6. O-O Qc7 7. d4 h5 8. Nbd2
e6 9. c4 Be7 10. Rc1 Qb8 11. Re1 b5 12. Ne5 Nxe5 13. dxe5 Nd7 14. h3 h4 15.
hxg4 hxg3 16. f4 g5 17. cxd5 cxd5 18. Nf3 gxf4 19. Qd2 Bc5+ 20. Rxc5 Nxc5 21.
Qxf4 Ne4 22. Nd4 Qd8 23. Rc1 Rh2 24. g5 Rc8 25. Rf1 Nxg5 26. Qxg3 Rh6 27. Nxb5
Qb6+ 28. Nd4 Rg6 29. Qh4 Rc2 30. Qh8+ Kd7 31. Ba1 Rxe2 32. Rc1 Re1+ 33. Rxe1
Nf3+ 34. Kh1 Nxe1 35. Bf1 Nf3 36. Nxf3 Qf2 37. Qh3 Rg3 38. Qxg3 Qxg3 {Time} 0-1

[Event "28. SPRING FESTIVAL -  BUDAPEST"]
[Site "Budapest"]
[Date "2012.04.01"]
[Round "7.3"]
[White "Lyell, Mark"]
[Black "Kantor, Gergely"]
[Result "0-1"]
[WhiteElo "2202"]
[BlackElo "2316"]
[PlyCount "59"]
[EventDate "2012.03.26"]

1. e4 e6 2. d4 d5 3. Nc3 Bb4 4. e5 Ne7 5. Bd2 b6 6. Nf3 Bxc3 7. Bxc3 Ba6 8.
Bxa6 Nxa6 9. Qd3 Nb8 10. b4 Nd7 11. O-O O-O 12. a4 c5 13. Rfe1 Nf5 14. bxc5
bxc5 15. Rab1 cxd4 16. Bb4 Re8 17. Nxd4 Nxd4 18. Qxd4 Nb6 19. Bc5 Qc7 20. a5
Nd7 21. Rb5 Qc6 22. Qb4 a6 23. Rb7 Qxc5 24. Qa4 Qc3 25. Re3 Qd2 26. Qa1 Nc5 27.
Rc7 Rac8 28. Rxc8 Rxc8 29. Rc3 Qd4 30. Qb2 0-1

[Event "28. SPRING FESTIVAL -  BUDAPEST"]
[Site "Budapest"]
[Date "2012.04.01"]
[Round "7.8"]
[White "Rodriguez Lopez, Rafael"]
[Black "Varga, Melinda"]
[Result "0-1"]
[WhiteElo "2266"]
[BlackElo "2172"]
[PlyCount "80"]
[EventDate "2012.03.26"]

1. e4 c6 2. d4 d5 3. Nc3 dxe4 4. Nxe4 Bf5 5. Ng3 Bg6 6. h4 h6 7. Nf3 e6 8. Ne5
Bh7 9. Bd3 Bxd3 10. Qxd3 Nf6 11. Bd2 Be7 12. O-O-O Nbd7 13. f4 O-O 14. Qf3 c5
15. dxc5 Nxc5 16. Bc3 Qc7 17. Nh5 Na4 18. Nxf6+ Bxf6 19. Bd4 Rac8 20. Qe4 Bxe5
21. Bxe5 Qc6 22. Qxc6 Rxc6 23. Rd7 Rfc8 24. c3 Nc5 25. Rd2 Ne4 26. Rd4 Ng3 27.
Re1 f6 28. Rd3 fxe5 29. Rxg3 exf4 30. Rf3 Rf8 31. Re4 g5 32. hxg5 hxg5 33. g3
fxg3 34. Rxg3 Rf5 35. Rge3 Kf7 36. Rd3 Rf1+ 37. Kd2 Rf2+ 38. Re2 Rxe2+ 39. Kxe2
Rc7 40. Rf3+ Kg6 {after 20 move} 0-1

[Event "28. SPRING FESTIVAL -  BUDAPEST"]
[Site "Budapest"]
[Date "2012.04.01"]
[Round "7.9"]
[White "Szalanczy, Emil"]
[Black "Kearns, Christopher"]
[Result "1-0"]
[WhiteElo "2249"]
[BlackElo "2079"]
[PlyCount "55"]
[EventDate "2012.03.26"]

1. e4 e6 2. d4 d5 3. Nc3 dxe4 4. Nxe4 Nd7 5. Nf3 Ngf6 6. Bd3 Nxe4 7. Bxe4 Nf6
8. Bd3 c5 9. O-O cxd4 10. Nxd4 Bc5 11. Nb3 Be7 12. Qf3 O-O 13. Bf4 Qb6 14. Rae1
Bd7 15. Re5 Nd5 16. Bxh7+ Kxh7 17. Qh3+ Kg8 18. Rh5 f5 19. Rh8+ Kf7 20. Qh5+
Kf6 21. Bg5+ Ke5 22. Bxe7 Nxe7 23. Rxf8 Rxf8 24. Qg5 Rf7 25. c4 Qb4 26. Rd1 Ba4
27. f4+ Ke4 28. Rd4+ 1-0

[Event "28. SPRING FESTIVAL -  BUDAPEST"]
[Site "Budapest"]
[Date "2012.04.01"]
[Round "7.10"]
[White "Csapo, Zoltan"]
[Black "Boguszlavszkij, Jevgenyij"]
[Result "0-1"]
[WhiteElo "2113"]
[BlackElo "2238"]
[PlyCount "78"]
[EventDate "2012.03.26"]

1. e4 c6 2. d3 g6 3. Nf3 Bg7 4. Be2 d6 5. c3 Nd7 6. Nbd2 Ngf6 7. O-O O-O 8. a4
Nh5 9. Nc4 d5 10. Na3 e5 11. Re1 Re8 12. Bg5 f6 13. Be3 Nf8 14. Nd2 d4 15. g4
dxe3 16. fxe3 Bh6 17. gxh5 Bxe3+ 18. Kh1 g5 19. Nac4 Bf4 20. Nf1 Qe7 21. Nce3
Bh3 22. Bg4 Bxg4 23. Qxg4 Kh8 24. Nf5 Qc7 25. N1e3 Rad8 26. Qe2 Ne6 27. Ng4 Rf8
28. Red1 Rd7 29. Qc2 Qd8 30. b4 Qe8 31. h6 Qh5 32. Qg2 Qg6 33. Qf3 Rfd8 34. a5
Nc7 35. Ra2 a6 36. Kg2 Nb5 37. Rc2 Nd6 38. c4 Nxf5 39. exf5 Qxf5 0-1

[Event "28. SPRING FESTIVAL -  BUDAPEST"]
[Site "Budapest"]
[Date "2012.04.01"]
[Round "7.11"]
[White "Koczo, Kristof"]
[Black "Halak, Miklos"]
[Result "0-1"]
[WhiteElo "2138"]
[BlackElo "2026"]
[PlyCount "68"]
[EventDate "2012.03.26"]

1. d4 d5 2. c4 c6 3. Nf3 Bf5 4. Nc3 e6 5. Qb3 Qb6 6. c5 Qc7 7. Bf4 Qc8 8. e3 h6
9. h3 Nd7 10. Na4 Ngf6 11. Be2 Be7 12. O-O O-O 13. Nd2 Bd8 14. Rac1 Bc7 15.
Bxc7 Qxc7 16. f4 b6 17. cxb6 axb6 18. Bb5 c5 19. Nf3 Rfb8 20. Ne5 Nxe5 21. fxe5
Ne4 22. Rxf5 exf5 23. Qxd5 Qd8 24. Qxd8+ Rxd8 25. Bc6 Rab8 26. d5 Kf8 27. b3 f6
28. e6 Ke7 29. Rf1 g6 30. Nb2 Nc3 31. Nd3 Nxd5 32. Bxd5 Rxd5 33. Nf4 Rd2 34.
Nxg6+ Kxe6 0-1

[Event "28. SPRING FESTIVAL -  BUDAPEST"]
[Site "Budapest"]
[Date "2012.04.01"]
[Round "7.13"]
[White "Kahn, Evarth Dr"]
[Black "Havaskori, Laszlo"]
[Result "1-0"]
[WhiteElo "2265"]
[BlackElo "1977"]
[PlyCount "61"]
[EventDate "2012.03.26"]

1. e4 e6 2. d4 d5 3. Nc3 Nf6 4. Bg5 Be7 5. e5 Nfd7 6. h4 c5 7. Bxe7 Qxe7 8. Nb5
O-O 9. Nc7 Nxe5 10. Nxa8 cxd4 11. Qxd4 Nbc6 12. Qd2 f5 13. f4 Ng4 14. O-O-O b6
15. Nf3 Bb7 16. Nxb6 axb6 17. Nd4 Nf6 18. Nxc6 Bxc6 19. Qd4 Qa7 20. a3 Rc8 21.
Qe5 Qd7 22. Bd3 Ng4 23. Qd4 Qc7 24. Rd2 Ra8 25. g3 Ra4 26. b4 Rxa3 27. Re1 Qa7
28. Rde2 Ra1+ 29. Kd2 Rxe1 30. Rxe1 Kf7 31. Ra1 1-0

[Event "28. SPRING FESTIVAL -  BUDAPEST"]
[Site "Budapest"]
[Date "2012.04.01"]
[Round "7.15"]
[White "Heyl, Thomas"]
[Black "Grimm, Gyorgy"]
[Result "1/2-1/2"]
[WhiteElo "2032"]
[BlackElo "1962"]
[PlyCount "48"]
[EventDate "2012.03.26"]

1. d4 c5 2. e3 Nf6 3. Nf3 e6 4. Bd3 d5 5. b3 Nc6 6. O-O Bd6 7. Bb2 O-O 8. Nbd2
cxd4 9. exd4 b6 10. a3 Bb7 11. Ne5 Qc7 12. f4 Ne7 13. Qf3 Rac8 14. Rae1 Ne4 15.
Nxe4 dxe4 16. Bxe4 Bxe4 17. Rxe4 Qxc2 18. Re2 Qc7 19. Rc1 Qd8 20. Rec2 Rxc2 21.
Rxc2 Bxe5 22. dxe5 Nd5 23. Rd2 Qc7 24. h3 Ne7 1/2-1/2

[Event "28. SPRING FESTIVAL -  BUDAPEST"]
[Site "Budapest"]
[Date "2012.04.01"]
[Round "7.16"]
[White "Vereb, Gabor"]
[Black "Kiss, Peter"]
[Result "0-1"]
[WhiteElo "2170"]
[BlackElo "2051"]
[PlyCount "75"]
[EventDate "2012.03.26"]

1. e4 c5 2. Nf3 Nc6 3. d4 cxd4 4. Nxd4 Qb6 5. Nb3 Nf6 6. Nc3 e6 7. Bd3 Be7 8.
Be3 Qc7 9. f4 d6 10. Qf3 a6 11. O-O b5 12. e5 Nd7 13. exd6 Bxd6 14. Ne4 Be7 15.
a4 b4 16. f5 exf5 17. Qxf5 Nde5 18. Qf4 O-O 19. Nd4 f6 20. Bc4+ Kh8 21. Ne6
Bxe6 22. Bxe6 Rae8 23. Rfd1 Rd8 24. Qf2 Rxd1+ 25. Rxd1 Nd8 26. Bb6 Qc6 27. Bd5
Qxa4 28. Nc5 Qb5 29. Ne6 Nxe6 30. Bxe6 Qc6 31. Bd5 Qb5 32. Be6 Rb8 33. Ba7 Ra8
34. Be3 a5 35. Rd4 a4 36. Rh4 Ng6 37. Qf3 Ra5 38. Qh3 0-1

[Event "28. SPRING FESTIVAL -  BUDAPEST"]
[Site "Budapest"]
[Date "2012.04.01"]
[Round "7.17"]
[White "Porkolab, Sandor"]
[Black "Metaxasz, Vaszilisz"]
[Result "1/2-1/2"]
[WhiteElo "1936"]
[BlackElo "2166"]
[PlyCount "57"]
[EventDate "2012.03.26"]

1. e4 c5 2. Nf3 Nc6 3. d4 cxd4 4. Nxd4 Qb6 5. Nb3 Nf6 6. Nc3 e6 7. Be3 Qc7 8.
a3 a6 9. f4 d6 10. g4 h6 11. Qf3 Rb8 12. O-O-O b5 13. h4 b4 14. axb4 Nxb4 15.
g5 hxg5 16. hxg5 Rxh1 17. Qxh1 Ng4 18. Bg1 Na2+ 19. Nxa2 Rxb3 20. Bd3 d5 21.
Kb1 Rb8 22. Qf3 Ba3 23. b3 dxe4 24. Bxe4 f5 25. gxf6 Nxf6 26. Bc6+ Kf7 27. Bd4
Bb7 28. Bxb7 Qxb7 29. Qg3 1/2-1/2

[Event "28. SPRING FESTIVAL -  BUDAPEST"]
[Site "Budapest"]
[Date "2012.04.01"]
[Round "7.18"]
[White "Albu, Ferenc"]
[Black "Borda, Lajos"]
[Result "0-1"]
[WhiteElo "1794"]
[BlackElo "2100"]
[PlyCount "78"]
[EventDate "2012.03.26"]

1. e4 c5 2. Nf3 a6 3. c3 d6 4. d4 Qc7 5. Be2 e6 6. Be3 Nf6 7. Nbd2 Nbd7 8. Qc2
cxd4 9. Bxd4 e5 10. Be3 d5 11. Rc1 Be7 12. h3 h6 13. O-O O-O 14. Nh2 dxe4 15.
Nxe4 Nd5 16. Qd2 Nxe3 17. Qxe3 f5 18. Nd2 Bg5 19. Qd3 Nc5 20. Qc4+ Be6 21. Qb4
Bxd2 22. Rcd1 Bg5 23. Nf3 Be7 24. Bc4 Kh8 25. Bxe6 Nxe6 26. Qb3 Nf4 27. Rfe1
Bf6 28. g3 Nxh3+ 29. Kg2 Ng5 30. Nxg5 Bxg5 31. Qe6 Rae8 32. Qb3 e4 33. Rd5 Rd8
34. Red1 Rxd5 35. Rxd5 f4 36. c4 fxg3 37. Qxg3 Qxc4 38. Rxg5 hxg5 39. Qxg5 Qf7
0-1

[Event "28. SPRING FESTIVAL -  BUDAPEST"]
[Site "Budapest"]
[Date "2012.04.01"]
[Round "7.19"]
[White "Egri, Laszlo Jr"]
[Black "Marosi, Levente"]
[Result "1-0"]
[WhiteElo "2075"]
[BlackElo "1959"]
[PlyCount "71"]
[EventDate "2012.03.26"]

1. Nf3 Nf6 2. g3 g6 3. b3 Bg7 4. Bb2 O-O 5. Bg2 d6 6. d4 a6 7. Nbd2 Nc6 8. O-O
Rb8 9. e4 Nd7 10. Qe2 e5 11. dxe5 Ndxe5 12. Nxe5 Nxe5 13. c3 Qe7 14. f4 Nc6 15.
Rfe1 Re8 16. Nf1 Nd8 17. Ne3 c6 18. Rad1 b5 19. Qd2 Nb7 20. Ba3 c5 21. Nd5 Qd8
22. h3 Qa5 23. Bb2 Be6 24. Ne3 Qb6 25. Kh2 a5 26. c4 Bxb2 27. Qxb2 bxc4 28. f5
cxb3 29. fxe6 Rxe6 30. Nd5 Qd8 31. Qxb3 a4 32. Qxa4 Na5 33. Rb1 Ra8 34. Qb5 Re8
35. Qxe8+ Qxe8 36. Nf6+ 1-0

[Event "28. SPRING FESTIVAL -  BUDAPEST"]
[Site "Budapest"]
[Date "2012.04.01"]
[Round "7.20"]
[White "Peczely, Sebastian Zsombor"]
[Black "Peczely, Gyorgy Dr"]
[Result "1-0"]
[WhiteElo "2063"]
[BlackElo "1878"]
[PlyCount "89"]
[EventDate "2012.03.26"]

1. e4 c5 2. Nf3 e6 3. d4 cxd4 4. Nxd4 Nf6 5. Nc3 d6 6. Be3 a6 7. f3 Qc7 8. Qd2
Nc6 9. O-O-O Be7 10. g4 Na5 11. g5 Nd7 12. h4 Ne5 13. b3 b5 14. h5 Bb7 15. h6
g6 16. Kb1 Rc8 17. Nce2 O-O 18. Bh3 Nac6 19. Nxe6 fxe6 20. Bxe6+ Nf7 21. f4
Rfe8 22. Rhf1 Bf8 23. Bb6 Qxb6 24. Bxf7+ Kxf7 25. Qd5+ Re6 26. f5 Nd8 27. fxg6+
Ke8 28. g7 Bxg7 29. hxg7 Bxd5 30. g8=Q+ Kd7 31. Rxd5 Rxe4 32. Qxh7+ Re7 33. Qd3
Nb7 34. Nf4 Rce8 35. g6 Nc5 36. Qh3+ Kd8 37. Rdd1 Qc6 38. Nd5 Re5 39. Qh4+ Kc8
40. Qg4+ Kb8 41. g7 Qc8 42. Qxc8+ Rxc8 43. Rf8 Rg5 44. Ne7 Rxg7 45. Nxc8 1-0